00747pab a2200181 454500008004000000100001900040245004500059260000900104300001600113362001100129520022100140650002000361700001800381773003400399909001000433999001700443952010500460180718b2002 xxu||||| |||| 00| 0 eng d aAndrews, Sonia aUser charges in health care: some issues c2002 ap.3793-795. a14 Sep aUser charges, being introduced in several states and institutions have prompted a variety of reactions from consumers. Will this move negatively affect access to health care? What has been the experience elsewhere? aHealth services aSailesh Mohan aEconomic and Political Weekly a53804 c53804d53804 00104070aIIPAbIIPAd2018-07-19hVolume no: 37, Issue no: 37pAR54249r2018-07-19w2018-07-19yAR